Американський шкільний сленг (Запис № 283949)

МАРК-запис
000 -LEADER
fixed length control field 01396nam a22001577a 4500
041 ## - LANGUAGE CODE
Language code of text/sound track or separate title ukr
080 ## - UNIVERSAL DECIMAL CLASSIFICATION NUMBER
Universal Decimal Classification number 09
090 ## - LOCALLY ASSIGNED LC-TYPE CALL NUMBER (OCLC); LOCAL CALL NUMBER (OCLC)
Local cutter number (OCLC) ; Book number/undivided call number, CALL (RLIN) ЛОМ
100 ## - MAIN ENTRY--PERSONAL NAME
Personal name Ломізова І.С.
245 ## - TITLE STATEMENT
Title Американський шкільний сленг
260 ## - PUBLICATION, DISTRIBUTION, ETC. (IMPRINT)
Place of publication, distribution, etc Острог
Name of publisher, distributor, etc КАФ
Date of publication, distribution, etc 2007
300 ## - PHYSICAL DESCRIPTION
Extent 47
520 ## - SUMMARY, ETC.
Summary, etc Вступ.<br/>Розділ 1. Поняття «сленгу» та його соціальні характеристики в англійській мові.<br/>1.1. Етимологія сленгу ат його визначення в науковій літературі.<br/>1.2. Визначення та класифікація соціального діалекту.<br/>1.3. Структурні особливості англійського сленгу.<br/>1.4. Територіальні різновиди сленгу.<br/><br/>Розділ 2. Опис особливостей вживання американського шкільного сленгу.<br/>2.1. Вираження поняття «дівчина» засобами сленгових одиниць.<br/>2.2. Вираження поняття «хлопець» засобами сленгових одиниць.<br/>2.3. Вираження поняття «любові» за допомогою сленгу.<br/>Висновки.
-- сленг, американський сленг
650 ## - SUBJECT ADDED ENTRY--TOPICAL TERM
Topical term or geographic name as entry element Research Papers
942 ## - ADDED ENTRY ELEMENTS (KOHA)
Koha item type Книги
Фонди
Withdrawn status Lost status Source of classification or shelving scheme Damaged status Not for loan Home library Current library Date acquired Source of acquisition Cost, normal purchase price Total Checkouts Full call number Barcode Date last seen Price effective from Koha item type
    Universal Decimal Classification     ВІЛ - Відділ іноземн. літератури НБ ВІЛ - Відділ іноземн. літератури НБ 16/04/2009 Акт №1 1.00   09 213287 20/12/2021 16/04/2009 Книги